000 00611nam a2200193Ii 4500
003 JO-AjNU
008 230605s9999||||xx |||||||||||||| ||und||
040 _aJO-AjNU
_bara
_erda
_cJO-AjNU
041 _aara
050 1 4 _aBF31
100 3 _aبدران،عمرو حسن احمد,
_eauthor
_914499
245 0 0 _aكيف تتخلص من الخجل = How to Dispose from Shame
264 3 1 _aالمنصورة:مكتبة جزيرة الورد ، د.ت
300 _a80ص
336 _atext
_btxt
_2rdacontent
337 _aunmediated
_bn
_2rdamedia
338 _avolume
_bnc
_2rdacarrier
650 4 _aالخجل
_914500
999 _aA3881
_c7449
_d7449